000 00703nam a22002657a 4500
001 282
003 FISKH
005 20230316121625.0
008 230316b cb ||||| |||| 00| 0 eng d
040 _aFISKH
_beng
_cFISKH
_dFISKH
050 _aPZ7
082 _a821.008
100 _aGallagher, Belinda
245 _aFirst poems /
_bpoetry to share
260 _aChina
_bMiles Kelly
_c2019
300 _a383 p.
_c23 cm.
505 _aK
520 _aA collection of stories from many different authors about monsters for young readers.
521 8 _a570
_bLexile
521 8 _aK
_bRaz-Plus
650 _apoems
650 _achildren's poems
650 _apoems for children
942 _2ddc
_cBK
_n0
999 _c282
_d282